| 000 | 00986nam a2200265 a 4500 | ||
|---|---|---|---|
| 001 | 000028471 | ||
| 005 | 20230511100334.0 | ||
| 008 | 100913t2010 dr 000 0 spa d | ||
| 020 | _z999347956X | ||
| 040 |
_aDO-SdBNP _bspa _cBNPHU |
||
| 082 |
_a972.9304 _bP963r, 2010 |
||
| 245 | 0 | 0 | _aProclamas de la restauración. |
| 246 | 0 | 0 | _aProclamas de la restauración 1863. |
| 250 | _a2a. ed. | ||
| 260 |
_aSanto Domingo : _bCPEP, _c2010. |
||
| 300 |
_a215 p. ; _c22 cm. |
||
| 490 | 1 |
_aComisión Permanente de Efemérides Patrias _v2 |
|
| 504 | _aIncluye referencias bibliográficas y notas al pie de páginas | ||
| 590 | _aInventariado, 2020/YL | ||
| 651 | 4 |
_aRepública Dominicana _xHistoria _xRestauración 1863-1865 _943986 |
|
| 651 | 4 |
_aRepública Dominicana _xProclamas _945237 |
|
| 710 | 1 |
_aRepública Dominicana _bComisión Permanente de Efemérides Patria _945309 |
|
| 830 | 1 |
_aComisión Permanente de Efemérides Patrias _v2 _91012 |
|
| 910 | _aValidado. Control de calidad EMS | ||
| 999 |
_c27963 _d27963 |
||